01454nam a2200421 i 450000100060000000300090000600500170001500800410003201500180007302000150009104000280010604600090013408000180014308000160016108000150017708000100019224502080020225000180041026000290042830000210045733600270047833700530050533800280055838000280058638800100061450400120062461000250063665500150066165000150067670000360069171000310072785600980075894200120085699900170086895200490088595200490093495200490098343231KOSZ 00520220623130205.0031017s2003 pl ||||001 0 pol  aPB 2003/17847 a8389218518 aWA NcWA NdKOSZ 005/HR k2003 a339.923(4-67) a061.1(4-67) a004.738.52 a(058)00aVademecum - źródła informacji o Unii Europejskiej /c[oprac. zespół w składzie Anna Kierzkowska et al. ; Urząd Komitetu Integracji Europejskiej. Biblioteka Depozytowa Wspólnot Europejskich]. aWyd. 2 rozsz. aWarszawa :bUKIE,c2003. a384 s. ;c24 cm. 2rdacontentaTekstbtxt 2rdamediaaBez urządzenia pośedniczącegobn 2rdacarrieraWoluminbnc aPublikacje informacyjne a2001- aIndeks.24aUnia Europejska (UE) 4aInformator 4aStrony WWW1 aKierzkowska, Anna.eOpracowanie2 aBiblioteka Europejska MSZ  uhttp://koha.tu.koszalin.pl/cgi-bin/koha/opac-detail.pl?biblionumber=43231yKatalog online BPK 2UKDcKS c43231d43231 00104070aBPKbBPKcwo68441p02014722yKS 00104070aBPKbBPKcwo80850p02331294yKS 00104074aBPKbBPKcwoD 339p02280196yKS